| 000 -LEADER |
| fixed length control field |
01456cam a2200361 i 4500 |
| 001 - CONTROL NUMBER |
| control field |
18244593 |
| 003 - CONTROL NUMBER IDENTIFIER |
| control field |
NUST |
| 005 - DATE AND TIME OF LATEST TRANSACTION |
| control field |
20221011141831.0 |
| 008 - FIXED-LENGTH DATA ELEMENTS--GENERAL INFORMATION |
| fixed length control field |
140728t20152015ne a b 001 0 eng |
| 010 ## - LIBRARY OF CONGRESS CONTROL NUMBER |
| LC control number |
2014029955 |
| 020 ## - INTERNATIONAL STANDARD BOOK NUMBER |
| International Standard Book Number |
9780128013977 (paperback) |
| 020 ## - INTERNATIONAL STANDARD BOOK NUMBER |
| International Standard Book Number |
0128013974 (paperback) |
| 020 ## - INTERNATIONAL STANDARD BOOK NUMBER |
| Canceled/invalid ISBN |
9780128016466 (ebk.) |
| 020 ## - INTERNATIONAL STANDARD BOOK NUMBER |
| Canceled/invalid ISBN |
0128016469 (ebk.) |
| 040 ## - CATALOGING SOURCE |
| Original cataloging agency |
DLC |
| Language of cataloging |
eng |
| Transcribing agency |
DLC |
| Description conventions |
rda |
| Modifying agency |
DLC |
| 042 ## - AUTHENTICATION CODE |
| Authentication code |
pcc |
| 050 00 - LIBRARY OF CONGRESS CALL NUMBER |
| Classification number |
QA76.76.R42 |
| Item number |
S86 2015 |
| 082 00 - DEWEY DECIMAL CLASSIFICATION NUMBER |
| Classification number |
005.16, SUR |
| Edition number |
23 |
| 100 1# - MAIN ENTRY--PERSONAL NAME |
| Personal name |
Suryanarayana, Girish. |
| 9 (RLIN) |
99907 |
| 245 10 - TITLE STATEMENT |
| Title |
Refactoring for software design smells : |
| Remainder of title |
managing technical debt / |
| Statement of responsibility, etc. |
Girish Suryanarayana, Ganesh Samarthyam, Tushar Sharma. |
| 264 #1 - PRODUCTION, PUBLICATION, DISTRIBUTION, MANUFACTURE, AND COPYRIGHT NOTICE |
| Place of production, publication, distribution, manufacture |
Amsterdam ; |
| -- |
Boston : |
| Name of producer, publisher, distributor, manufacturer |
Elsevier, Morgan Kaufmann, Morgan Kaufmann is an imprint of Elsevier, |
| Date of production, publication, distribution, manufacture, or copyright notice |
[2015] |
| 264 #4 - PRODUCTION, PUBLICATION, DISTRIBUTION, MANUFACTURE, AND COPYRIGHT NOTICE |
| Date of production, publication, distribution, manufacture, or copyright notice |
©2015 |
| 300 ## - PHYSICAL DESCRIPTION |
| Extent |
xix, 237 pages : |
| Other physical details |
illustrations ; |
| Dimensions |
24 cm |
| 336 ## - CONTENT TYPE |
| Content type term |
text |
| Content type code |
txt |
| Source |
rdacontent |
| 337 ## - MEDIA TYPE |
| Media type term |
unmediated |
| Media type code |
n |
| Source |
rdamedia |
| 338 ## - CARRIER TYPE |
| Carrier type term |
volume |
| Carrier type code |
nc |
| Source |
rdacarrier |
| 505 8# - FORMATTED CONTENTS NOTE |
| Formatted contents note |
Technical Debt (Page-1),Design Smells (Page-9),Abstraction Smells (Page-21),Encapsulation Smells (Page-61),Modularization Smells (Page-93),Hierarchy Smells (Page-123),The Smell Ecosystem (Page-193),Repaying Technical Debt in Practice (Page-203). |
| 650 #0 - SUBJECT ADDED ENTRY--TOPICAL TERM |
| Topical term or geographic name entry element |
Software refactoring. |
| 9 (RLIN) |
99908 |
| 650 #0 - SUBJECT ADDED ENTRY--TOPICAL TERM |
| Topical term or geographic name entry element |
Software failures. |
| 9 (RLIN) |
99909 |
| 700 1# - ADDED ENTRY--PERSONAL NAME |
| Personal name |
Samarthyam, Ganesh. |
| 9 (RLIN) |
99910 |
| 700 1# - ADDED ENTRY--PERSONAL NAME |
| Personal name |
Sharma, Tushar. |
| 9 (RLIN) |
99911 |
| 942 ## - ADDED ENTRY ELEMENTS (KOHA) |
| Source of classification or shelving scheme |
|
| Koha item type |
Book |
| Call number prefix |
005.16,SUR |